00325nam a2200121Ia 4500008004100000041000800041082001500049100001400064245004400078260004200122300003200164365000700196240624s9999 xx 000 0 und d aeng a344.01 KUM aKUMAR H L aTRANSFER OF EMPLOYEES UNDER LABOUR LAWS c2000aDelhibUniversal Law Publishing axxvi, : 180 : p. : cm. ; 21 cRS